000 00288nam a22001337a 4500
008 260427b ||||| |||| 00| 0 eng d
020 _a9951410138
041 _aShqip
080 _a821.18
100 _a40
101 _aroman
245 _aGnosis
_cZejnullah Rrahmani
942 _2udc
_cBK
999 _c60997
_d60997